LIBRARY ONLINE CATALOGUE

Infection and immunity / (Record no. 11363)

MARC details
000 -LEADER
fixed length control field 00682cam a22002292 4500
001 - CONTROL NUMBER
control field 0000020492
005 - DATE AND TIME OF LATEST TRANSACTION
control field 20151217154441.0
008 - FIXED-LENGTH DATA ELEMENTS--GENERAL INFORMATION
fixed length control field 110920s xx 000 0 eng d
020 ## - INTERNATIONAL STANDARD BOOK NUMBER
International Standard Book Number 0199206735 :
040 ## - CATALOGING SOURCE
Original cataloging agency KABU
Transcribing agency KABU
100 1# - MAIN ENTRY--PERSONAL NAME
Personal name Playfair, John H. L.
-- 0000180933
245 10 - TITLE STATEMENT
Title Infection and immunity /
Statement of responsibility, etc. John H. L. Playfair, Gregory J. Bancroft.
250 ## - EDITION STATEMENT
Edition statement 3rd ed.
260 ## - PUBLICATION, DISTRIBUTION, ETC. (IMPRINT)
Place of publication, distribution, etc. New York :
Name of publisher, distributor, etc. Oxford,
Date of publication, distribution, etc. 2008.
300 ## - PHYSICAL DESCRIPTION
Extent xvi, 341 p.
650 #0 - SUBJECT ADDED ENTRY--TOPICAL TERM
Topical term or geographic name as entry element Immunology.
-- 0000075663
650 #0 - SUBJECT ADDED ENTRY--TOPICAL TERM
Topical term or geographic name as entry element Infection.
-- 0000002476
700 1# - ADDED ENTRY--PERSONAL NAME
Personal name Bancroft, Gregory J.
-- 0000180934
852 1# - LOCATION
-- p4200 KES
908 ## - PUT COMMAND PARAMETER (RLIN)
Put command parameter 110920
950 ## - LOCAL HOLDINGS (RLIN)
-- 1
Holdings
Withdrawn status Lost status Source of classification or shelving scheme Not for loan Home library Current library Date acquired Total Checkouts Total Renewals Full call number Barcode Checked out Date last seen Date last checked out Price effective from Koha item type
    Library of Congress Classification   Kabarak, Main Campus Kabarak, Main Campus 17/12/2015 16 2 QR181 .P53 2008 c.1 21313 30/04/2026 08/04/2026 08/04/2026 17/12/2015 General Collection